Statistiques concernant Cocorico! n°1

Cliquez ici pour prendre le quiz!

Statistiques générales

  • Ce quiz a été pris 138 fois
  • Le résultat moyen est 6 sur 10

Statistiques - réponses

QuestionsRéponses% Correct
Quel célèbre médecin mit au point un vaccin contre la rage?Louis Pasteur
91%
Quelle série de bandes-dessinées est la plus vendue au monde?Astérix
86%
Quel ingénieur l'épaula?Gustave Eiffel
86%
Quelle est l'entreprise de luxe qui réalise le plus gros chiffre d'affaires au monde?LVMH
74%
Quel célèbre train faisait la liaison entre Paris et Istanbul?Orient-Express
66%
Quel biathlète a remporté le plus grand nombre de fois la coupe du monde de biathlon?Martin Fourcade
61%
Quelle entreprise créatrice de Rayman produit le plus de jeux vidéo en Europe?Ubisoft
53%
Quel commandant contribua à la signature d'un traité protégeant l'Antarctique?Jacques-Yves Cousteau
35%
Quel sculpteur est à l'origine de la Statue de la Liberté?Auguste Bartholdi
31%
Quel ingénieur est considéré comme le premier à avoir fait voler une machine plus lourde que l'air?Clément Ader
19%

Distribution des résultats

Percentile par nombre de réponses

% des personnes avec chaque résultat

Votre développement - résultats

Vous n’avez pas pris ce quiz